000 00580nam a2200193Ia 4500
003 GCL
008 140319s9999 xx 000 0 eng d
040 _aGCL /
_cGCL
082 0 4 _aCC
_b932
_bB C
100 1 _aBORCHARDT, LUDWIG
245 1 0 _aCATALOGUE GENERAL DES ANTIQUITES EGYPTIENNES DU MUSEE DU CAIRE: DENKMALEX DES ALTEN REICHES /
_cBORCHARDT, LUDWIG
260 _a[S.N] :
_bSERVICE DES ANTIQUITES DE L'EGYPTE ،
_c1964
300 _a220+116 PL
650 0 4 _aANCIENT EGYPT
650 0 4 _aHISTORY
650 0 4 _aARCHAEOLOGY
650 0 4 _aEGYPT, MUSEUMS
942 _2ddc
_cBK
999 _c16901
_d16901